000 01102cam a2200325 i 4500
001 28187
003 Mx-PuUPA
005 20250721134415.0
008 140415s1991 mx gr 001 0 spa d
020 _a9682443148
040 _aMx-PuUPA
_bspa
_cMx-PuUPA
_dMx-PuUPA
_erda
041 0 _aspa
100 1 _aCárdenas Tabares, Fabio,
_eautor
_99729
245 1 3 _aLa segmentación del mercado turístico :
_bcomercialización y venta /
_cFabio Cárdenas Tabares
250 _aPrimera edición
264 1 _aMéxico, D. F. :
_bEditorial Trillas,
_c©1991
300 _a114 páginas ;
_c24 cm
336 _2rdacontent
_atexto
_btxt
337 _2rdamedia
_asin medio
_bn
338 _2rdacarrier
_avolumen
_bnc
490 0 _aTrillas Turismo
500 _aReimpresiones : (Reimpresión, 1997 ; Segunda reimpresión, junio, 2025)
650 7 _2armarc
_aTurismo
_xMercadeo
650 7 _2armarc
_aTurismo
_xPlaneamiento
650 7 _2armarc
_aTurismo
_xAspectos económicos
942 _2ddc
_cLI
_h381.459104
_iC25
999 _c28187
_d28187